000 00333 a2200157 4500
001 160919
020 _a
040 _cMagnum
100 _aRainho, Cleonice
240 1 0 _aMoranguinho e seu festival
_lpor
245 1 0 _aMoranguinho e seu festival
362 0 _a1899
440 1 _aSalamandra
697 _aIJ/GERAL
942 _cBK
999 _c160919
_d160919